000 nam a22 a 4500
999 _c1459
_d1459
005 20170509154438.0
008 170509s2010 my ||||| |||| 00| 0 eng d
020 _a9789675371349
040 _aAKMAL
082 _a343.595056 RMCD
090 _a343.595056
_bRMCD
110 1 _aMalaysia
_bJabatan Kastam Diraja Malaysia
_91301
245 1 2 _aA compendium of customs legislation and cases (1932-2009)
260 _aPetaling Jaya;
_bLexisNexis Malaysia Sdn. Bhd.
_c2010
300 _avol.;
_c20cm
500 _aDescription based on - Vol. 1.
650 1 _aCustoms legislation
_xCases
_zMalaysia
_92888
650 2 _aCustoms cases
_xHandbooks, manuals, etc
_92889
710 1 _aMalaysia
_bJabatan Kastam Diraja Malaysia
_91301
942 _2ddc
_cBOOK
950 _lAKMAL